000 01290nam a2200265 a 4500
001 BRCA_5101
005 20190320204935.0
008 781110s1824####enk#######---#001-0#eng-#
041 _aeng
044 _aenk
050 4 _aF1226
_b.M55 1824
100 1 _aMill, Nicholas
_913006
245 1 0 _aThe History of Mexico
_bfrom the Spanish conquest to the present era
_cby Nicholas Mill.
260 _aLondres
_bSherwood : Jones and Co.
_c1824
300 _aix, 300 p.
_c21 cm.
500 _aIncluye índice alfabético
500 _aEstado físico: Libro deteriorado
500 _aContaining a condensed and connected general view of the manners, customs, religion, commerce, soil, and agriculture - animal, vegetable, and mineral productions - a concise political and statistical review of the changes effected in that country, with is present of government, &c. &c. - Also, observations, speculative and practical, as to the best means of working the Mexican mines, by a combination of British talent, capital, and machinery
500 _aDD60
651 4 _aMéxico
_xHistoria
_yConquista, 1519-1540
_9442
651 4 _aMéxico
_xHistoria
_yPeriodo colonial, 1540-1810
_94206
651 4 _aMéxico
_xHistoria
_yGuerra de Independencia, 1810-1821.
_913007
902 _aGFM
942 _2lcc
_cB
999 _c4795
_d4795